Jazz Musicians - Sudden Death - Statistics

General Stats
  • This quiz has been taken 1,000 times
    372 since last reset
  • The average score is 12 of 20
Answers on the Grid
Answers color-coded by a green-red scale on the quiz's grid according to % correct below.
Miles Davis
Duke Ellington
Louis Armstrong
Kenny Rogers
Tim McGraw
Keith Urban
Hank Williams
John Coltrane
Carrie Underwood
Shania Twain
Charlie Parker
Paul Oakenfold
Ella Fitzgerald
Thelonious Monk
Calvin Harris
Charles Mingus
David Guetta
Billie Holiday
Faith Hill
Herbie Hancock
Dizzy Gillespie
Ferry Corsten
Count Basie
Giorgio Moroder
Stan Getz
Chet Baker
Garth Brooks
Kamasi Washington
Johnny Cash
Coleman Hawkins
Steve Aoki
Dave Brubeck
Tiësto
Lester Young
Jean-Michel Jarre
Dolly Parton
Carl Cox
Sarah Vaughan
Art Tatum
 
Answer Stats
Answer % Correct
Louis Armstrong
92%
Miles Davis
91%
Duke Ellington
86%
Ella Fitzgerald
73%
John Coltrane
72%
Billie Holiday
68%
Charlie Parker
66%
Chet Baker
65%
Charles Mingus
63%
Dizzy Gillespie
63%
Thelonious Monk
63%
Count Basie
62%
Herbie Hancock
61%
Dave Brubeck
55%
Stan Getz
54%
Coleman Hawkins
42%
Lester Young
42%
Art Tatum
40%
Sarah Vaughan
39%
Kamasi Washington
33%
No matching quizzes found
Score Distribution
Percent of People with Each Score
Percentile by Number Answered
Your Score History
You have not taken this quiz since the last reset